| 000 | 01313nam a2200289Ia 4500 | ||
|---|---|---|---|
| 999 |
_c34616 _d34616 |
||
| 001 | 378 | ||
| 003 | GE_BSU | ||
| 005 | 20230915161113.0 | ||
| 008 | 181216s2010||||ge |||||||||||||| ||geo|| | ||
| 020 | _a9789941018374 | ||
| 040 | _cGE_BSU | ||
| 041 | _ageo | ||
| 080 | _a336(075.8) კ-17 | ||
| 100 |
_aკაკულია, რევაზ _9751 |
||
| 245 |
_aსაჯარო ფინანსები : _bსახელმძღვანელო / _c რევაზ კაკულია, ლელა ბახტაძე, ამირან ჯიბუტი; [რედ. ელგუჯა მექვაბიშვილი]. |
||
| 264 |
_aთბილისი, _c2010. |
||
| 300 |
_a417 გვ.; _bსქ. ; _c19 სმ. |
||
| 504 | _aბიბლიოგრ.: გვ. 412-413. | ||
| 653 | _aსაჯარო ფინანსები | ||
| 653 | _aსახელმწიფო ბიუჯეტი | ||
| 700 |
_a ბახტაძე, ლელა _96735 |
||
| 700 |
_aჯიბუტი, ამირან _eავტორი _9911 |
||
| 700 |
_a მექვაბიშვილი, ელგუჯა _96736 |
||
| 700 |
_aდარბუაშვილი, ნ. _96737 |
||
| 700 |
_a ხუნდაძე, ა. _eრედაქტორი _96738 |
||
| 942 |
_cBK _2udc |
||